Problemas de evacuación y tratamiento de desechos en las colectividades

Saved in:
Bibliografiske detaljer
Main Authors: Ellis, H. M (Author), Gilbertson, W. E (Author), Jaag, O (Author), Okun, Daniel Alexander (Author), Shuval, H. I (Author), Summer, J (Author)
Format: Bog
Sprog:spansk
Udgivet: Ginebra OMS 1970
Serier:Cuadernos de Salud Pública, 38
Fag:
Tags: Tilføj Tag
Ingen Tags, Vær først til at tagge denne postø!

MARC

LEADER 00000nam a2200000 a 4500
001 UCU6800
003 CL-VaPUC
008 960621e19700000SZ |||||||||||||||||spa|d
082 0 4 |a 628.445  |b ELL  |2 21 
100 0 |a Ellis, H. M  |e author  |9 365196 
700 0 |a Gilbertson, W. E  |e author  |9 365197 
700 0 |a Jaag, O  |e author  |9 365198 
700 0 |a Okun, Daniel Alexander  |e author  |9 365199 
700 0 |a Shuval, H. I  |e author  |9 365200 
700 0 |a Summer, J  |e author  |9 365201 
245 1 0 |a Problemas de evacuación y tratamiento de desechos en las colectividades 
300 |a 101 p 
942 |c BK 
945 |d 19960621 00:00:00  |a paguirre 
260 |a Ginebra  |b OMS  |c 1970 
650 0 |a Residuos   |9 343036 
650 7 |a BASURA  |2 CL-VaPUC  |9 349548 
650 7 |a ELIMINACION DE RESIDUOS  |2 CL-VaPUC  |9 332226 
650 0 |a Tratamiento de residuos  |9 262890 
583 |a last modification  |c 19960621 00:00:00  |k Rodrigo Vera 
490 0 |a Cuadernos de Salud Pública, 38 
999 |c 249611  |d 249609 
952 |0 0  |1 0  |4 0  |6 628_445000000000000_ELL_1970  |7 0  |8 A  |9 266938  |a BIBING  |b BIBING  |d 2019-11-19  |i 1691465  |o 628.445 ELL 1970  |p 1691465  |r 2025-01-20  |w 2019-11-19  |y BK  |k CCL